000 00276nam a2200121Ia 4500
008 191201s2012 xx 000 0 und d
100 _aKOHLI, A.S.
245 0 _aPerformance Management
260 _aN. Delhi
_bOxford
_c2012
300 _a511
650 _aMBA
942 _2ddc
_cBK
999 _c6556
_d6556